00678cam a22002173a 45000010005000000030006000050050017000110080041000280400015000690420007000840500007000911000035000982450138001332600029002715060030003005160020003306530015003507000026003658300028003918560041004193603PGUSA20140828083035.0030101s2003||||xxu|||||s|||||000 | eng d aPGUSAbeng adc 4aPQ1 aMaupassant, Guy de,d1850-189310aWidger's Quotations from the Project Gutenberg Editions of the Works of Guy de Maupassanth[electronic resource] /cGuy de Maupassant bProject Gutenberg,c2003 aPublic domain in the USA. aElectronic text aQuotations1 aWidger, David,d1932- 0aProject Gutenbergv360340uhttp://www.gutenberg.org/ebooks/3603